000 00484nam a22001817a 4500
003 MPLRDC
005 20220104173525.0
008 210129b ||||| |||| 00| 0 eng d
020 _a0-345-40031-3
082 _a215.6 MED
100 _aBROOKE MEDICINE EAGLE
245 _aTHE LAST GHOST DANCE: A GUIDE FOR EARTH MAGES
_c
250 _a第一版
260 _a
_bTHE BALLATINE PUBLISHING GROUP
_c2000
300 _b
650 _a原始宗教--鬼神
942 _cBK
_o215.6 MED
999 _c59455
_d59445